[Event "Poikovsky Karpov 05th"]
[Site "Poikovsky"]
[Date "2004.03.23"]
[Round "6"]
[White "Rublevsky, Sergei"]
[Black "Lautier, Joel"]
[Result "1-0"]
[WhiteElo "2655"]
[BlackElo "2676"]
[Annotator "Postny,E"]
[PlyCount "97"]
[EventDate "2004.03.17"]
[EventType "tourn"]
[EventRounds "9"]
[EventCountry "RUS"]
[EventCategory "18"]
[SourceTitle "CBM 100"]
[Source "ChessBase"]
[SourceDate "2004.06.01"]
[SourceVersion "1"]
[SourceVersionDate "2004.06.01"]
[SourceQuality "1"]

1. e4 e5 2. Nf3 Nc6 3. d4 exd4 4. Nxd4 Nf6 5. Nxc6 bxc6 6. e5 Qe7 7. Qe2 Nd5 8.
c4 Nb6 9. Nc3 Qe6 ({Another popular line goes with} 9... a5) 10. Qe4 g6 {
The alternatives to this continuation are: 10...Ba6, 10...Bb7, 10...d5 and 10..
.Bb4.} 11. Bd3 ({Lautier as white played in this position} 11. Bf4 {, but
without success. See the encounter Lautier,J-Leko,P/Cap d'Agde 2003/CBM 98/0-1
(70) [Postny,E]}) (11. f4 d5 (11... Bg7 {- appeared in the game Sadvakasov,
D-Peng Xiaomin/Las Vegas 1999/CBM 72 [Mikhalevski,V]}) 12. exd6 cxd6 13. Be3
Bg7 14. O-O-O Bxc3 15. Qxe6+ Bxe6 16. bxc3 O-O-O 17. Bd4 Rhg8 $11 {0-1
Movsesian,S-Almasi,Z/Germany 2002/EXT 2003 (46)}) 11... Ba6 (11... Bg7 12. f4
O-O 13. O-O Ba6 14. b3 f6 15. Ba3 f5 16. Qf3 $14 {0-1 Arzumanian,G-Khudyakov,A/
Alushta 2002/CBM 88 ext (55)}) 12. b3 Bg7 13. f4 O-O (13... d5 14. cxd5 cxd5
15. Nxd5 Nxd5 16. Qa4+ Qd7 (16... c6 17. Bxa6 $16 {0-1 Kummerow,H-Pinter,J/
Dortmund 2001/EXT 2002 (26)}) 17. Qxd7+ Kxd7 18. Bxa6 Nb4 19. Bb7 Nc2+ 20. Ke2
Rab8 21. Rd1+ Ke7 22. Bf3 Rhd8 23. Rb1 $16 {1-0 David,A-Brochet,P/Evry 2003/
CBM 93 ext (62)}) 14. Ba3 $146 (14. O-O d5 (14... Rfe8 15. Bb2 f5 16. Qf3 d6
17. Qxc6 dxe5 18. Qxe6+ Rxe6 19. Nd5 Nxd5 20. cxd5 Bxd3 21. dxe6 Bxf1 22. Rxf1
exf4 23. Bxg7 Kxg7 24. Rxf4 $11 {1/2-1/2 Zivkovic,V-Pinter,J/Pula 2001/CBM 84
ext (68)}) 15. cxd5 cxd5 16. Qe2 Bxd3 17. Qxd3 c5 18. Ba3 Rac8 19. Nb5 f6 20.
Nxa7 Ra8 21. Nb5 fxe5 22. fxe5 Rxf1+ 23. Rxf1 Qc6 $15 {1/2-1/2 Mkrtchian,
L-Dergatschova Daus,A/Istanbul 2003/CBM 94 ext (26)}) 14... Rfc8 $5 {A mistery
move. However, as the continuation of the game shows, it has it's point.} ({
Logical alternative is} 14... Rfe8) 15. O-O d5 16. cxd5 cxd5 {Black's rook on
c8 will support c7-c5 advance in future.} 17. Qf3 Bxd3 18. Qxd3 f6 19. f5 $5 {
Rublevsky wants more than the objective equality of the position and tries a
double-edged pawn sacrifice. His idea obviously is opening the black king's
position. However, black has many defensive resources.} (19. exf6 $6 Qxf6 20.
Ne2 c5 21. f5 c4 {with good play for black.}) ({After} 19. Rad1 fxe5 20. Nxd5
Nxd5 21. Qxd5 Qxd5 22. Rxd5 Rd8 {black is very close to equality.}) 19... gxf5
20. exf6 Qxf6 21. Ne2 (21. Nxd5 $4 Qd4+ $19) 21... c5 ({Obviously bad is} 21...
Qxa1 $2 22. Rxa1 Bxa1 23. Nd4 $40) 22. Qf3 c4 23. Ng3 ({Possible was} 23. Rad1)
23... Qd4+ (23... Qc3 $6 24. Qxc3 (24. Qxf5 $6 Qe3+ 25. Kh1 Bxa1 26. Qf7+ Kh8
27. Rxa1 Qe5 28. Rf1 Rc7 {parrying the threats.}) 24... Bxc3 25. Rad1 $14) 24.
Kh1 Qg4 25. Rad1 Bf8 $2 {The wrong choice. It is illogical to remove the
bishop from the h8-a1 diagonal.} ({After} 25... Qxf3 $6 26. Rxf3 c3 27. Nxf5 {
black's passed pawns are not dangerous, while the black king is in danger.}) ({
The right continuation seems to be} 25... cxb3 26. axb3 Rc3 27. Qxf5 Qxf5 28.
Nxf5 Rxb3 {and black is not worse.}) 26. Bb2 Bg7 {This is in fact an admittion
of the mistake made on the previous move.} (26... Qxf3 27. Rxf3 Bb4 28. Bd4 {
and white retains good attacking chances even in the endgame.}) 27. Bxg7 Qxf3
28. Rxf3 Kxg7 29. Nxf5+ {It is clear that white has seized the initiative.} Kh8
30. Kg1 {It's recommended to centralize the king in the endgame.} Rf8 31. Kf2
Rae8 32. Ne3 {[%csl Rd5] Emphasizing the only clear weakness in black's
position - Pd5.} Rxf3+ 33. Kxf3 Rf8+ $6 {Black underestimates the danger of
his position and only drives the white king to a better place.} ({It was the
right time to exchange as many pawns as possible on the queenside by:} 33...
cxb3 34. axb3 a5 35. Nxd5 (35. Ra1 Ra8 {[%cal Ga5a4]}) 35... Nxd5 36. Rxd5 Rb8
37. Rd3 Rb4 {[%cal Ga5a4] followed by a5-a4 achieving a theoretically drawn
rook endgame.}) 34. Ke2 Re8 $6 ({Again it was correct to exchange the
queenside pawns:} 34... cxb3 35. axb3 a5 {[%cal Ga5a4]}) 35. Rd4 $1 $16 {
An ideal location for the white rook.} Kg7 36. Kd2 cxb3 37. axb3 h5 $6 {
Looks like a desperation move, although black's position is very tough.} (37...
a5 $142) 38. Kd3 Re5 39. Rf4 {[%cal Gd3d4]} Re8 40. Kd4 Kg6 41. b4 $1 {Now the
counterplay connected with the a7-a5 advance is prevented for good.} Rb8 (41...
Ra8 42. b5 a6 43. Kc5 Nc4 (43... Nd7+ 44. Kc6 Ne5+ 45. Kb7 $18) 44. Nxc4 dxc4
45. b6 $18) 42. h4 $1 {Black has no counterplay whatsoever, white's pieces are
totally dominating.} Re8 43. Nxd5 {Rublevsky evaluated precisely, that the
forthcoming rooks endgame is won for him.} Nxd5 (43... Rd8 44. Rf6+ Kg7 45. Rf5
$18) 44. Kxd5 Re2 45. g4 hxg4 46. Rxg4+ Kh5 47. Rc4 {The white will now go
towards the Pa7. The black king is far away from queenside.} Rb2 48. Kc6 Rb1
49. Kb7 {[%mdl 4096] Very good endgame technique by Rublevsky.} (49. Kb7 a5 50.
Rc5+ Kxh4 51. b5 a4 52. b6 a3 53. Ra5 $18) 1-0

[Event "EU-chT (Men) 13th"]
[Site "Leon"]
[Date "2001.11.11"]
[Round "6.3"]
[White "Nedev, Trajce"]
[Black "Upton, Timothy J"]
[Result "1-0"]
[WhiteElo "2514"]
[BlackElo "2303"]
[Annotator "Postny,E"]
[PlyCount "61"]
[EventDate "2001.11.06"]
[EventType "team-swiss"]
[EventRounds "9"]
[EventCountry "ESP"]
[SourceTitle "CBM 086"]
[Source "ChessBase"]
[SourceDate "2002.02.05"]
[SourceVersion "1"]
[SourceVersionDate "2002.02.05"]
[SourceQuality "1"]
[WhiteTeam "Macedonia"]
[BlackTeam "Scotland"]
[WhiteTeamCountry "MKD"]
[BlackTeamCountry "SCO"]

1. e4 e5 2. Nf3 Nc6 3. d4 exd4 4. Nxd4 Bc5 5. Be3 Qf6 6. c3 Nge7 7. Bc4 Ne5 8.
Be2 Qg6 {This is the most popular continuation. Other possibilities are:} (8...
h5 $5 {- see the game Nedev,T-Yurtaev,L 2000/CBM 80 [Postny]}) (8... d5 {
- see the game Azmaiparashvili,Z-Sokolov,I 2001/CBM 83 [Postny]}) 9. O-O d6 10.
f3 (10. Bh5 {- see the game Handoko,E-Aleksandrov,A /Istanbul ol 2000/CBM 80 
[Postny]}) 10... O-O 11. Kh1 {This move is useful for white. The K is safer on
h1 as well as g1 square may be used by white's bishop. Other continuation is
11.Nd2 but after black's reply 11...d5 white plays 12.Kh1 anyway and the
position is the same as in the current game.} d5 12. Nd2 dxe4 13. fxe4 {
Black has superior pawn structure, on the other hand white's position is more
flexible and some of black's pieces may become vulnerable.} Ng4 (13... Bb6 14.
Bf4 N7c6 15. Bh5 Qf6 16. N2b3 Qe7 17. Qc2 Bd7 18. Nf5 Bxf5 19. exf5 Rad8 $11 {
0-1 Illescas Cordoba,M-Karpov,A/Linares 1992/CBM 28 (75)}) 14. Bg1 {Probably T.
Upton expected to 14.Bf4 as T.Nedev has played already.} (14. Bf4 Bd6 15. Nc4
Bxf4 16. Rxf4 Nf6 17. Qf1 Qg5 18. h4 Qg3 19. Ne5 Ng6 20. Nxg6 hxg6 $13 {
0-1 Nedev,T-Pavasovic,D/Pula 2000/CBM 77 (53)}) 14... Bd6 $6 (14... Qg5 15. Rf3
$6 (15. Nc4 $5) 15... Ng6 16. Rg3 h5 17. Nf5 $2 Bxg1 18. Bxg4 Bf2 19. Rf3 Ne5
20. Rxf2 Nxg4 21. Rf1 Bxf5 22. exf5 Ne3 {0-1 Pavasovic,D-Mikac,M/Bled 1996/CBM
55 ext (22)}) 15. Nc4 $1 $146 {[%mdl 8]} (15. Nf5 $6 Ne5 16. Nxd6 cxd6 17. Nc4
Nxc4 18. Bxc4 Qxe4 19. Qxd6 Qxc4 20. Qxe7 $11 {0-1 Ochoa de Echaguen,F-Polgar,
Z/Oviedo 1992/TD (46)}) 15... Ne5 (15... Qxe4 16. Nb5 (16. Nxd6 cxd6 17. Nb5
Ne3 $11) 16... Be5 (16... Rd8 17. Ncxd6 cxd6 18. Nc7 Rb8 19. Bf3 Qc4 20. Nd5 {
and white's threats are irresistible.}) 17. Bd3 Qd5 (17... Qc6 18. Nxa7) 18.
Nxe5 Qxe5 (18... Nxe5 19. Nxc7 Qxd3 20. Qxd3 Nxd3 21. Nxa8 $16) 19. Re1 $16)
16. Nxd6 Qxd6 $2 {This natural recapture allows white to win a pawn by force.}
(16... cxd6 17. Nb5 Qxe4 18. Nxd6 Qc6 19. Qd4 N7g6 20. Rad1 $14) 17. Nb5 Qc6
18. Qd4 Bg4 (18... N7g6 19. Nxa7) 19. Qxe5 Ng6 (19... Bxe2 20. Nd4 $18 {
[%csl Rc6,Re2,Re7]}) 20. Qg3 Bxe2 21. Nd4 Qa6 22. Rfe1 Bc4 23. Qxc7 $16 Rfe8 (
23... f6 24. Nf5 Rf7 25. Qg3) 24. Nf5 Bd3 $2 (24... Rac8 25. Qg3 Rcd8 26. Bd4
f6 $16 {/\} 27. e5 $2 fxe5 28. Rxe5 Rxe5 29. Bxe5 Qe6) 25. Bd4 Rxe4 26. Nd6
Rxe1+ 27. Rxe1 Qxa2 {[%tqu "En","How should white continue?","","","d6c8","",5]
} 28. Nc8 $1 $18 {[%csl Ra8,Rg8] Simple and very effective.} Be4 $2 ({Why not} 
28... h6 {?} {After} 29. Qxb7 Rxc8 30. Qxc8+ Kh7 {some technic from the
white's side is still required.}) 29. Qd8+ Nf8 30. Ne7+ Kh8 31. Qxa8 1-0

[Event "Olympiad-34"]
[Site "Istanbul"]
[Date "2000.11.07"]
[Round "10.2"]
[White "Nedev, Trajce"]
[Black "Yurtaev, Leonid"]
[Result "0-1"]
[WhiteElo "2487"]
[BlackElo "2552"]
[Annotator "Postny,E"]
[PlyCount "106"]
[EventDate "2000.10.28"]
[EventType "team-swiss"]
[EventRounds "14"]
[EventCountry "TUR"]
[SourceTitle "EXT 2001"]
[Source "ChessBase"]
[SourceDate "2000.11.22"]
[SourceVersion "1"]
[SourceVersionDate "2000.11.22"]
[SourceQuality "1"]
[WhiteTeam "Macedonia"]
[BlackTeam "Kyrgyzstan"]
[WhiteTeamCountry "MKD"]
[BlackTeamCountry "KGZ"]

1. e4 e5 2. Nf3 Nc6 3. d4 exd4 4. Nxd4 Bc5 5. Be3 Qf6 6. c3 Nge7 7. Bc4 Ne5 8.
Be2 h5 $5 {Interesting idea! Black is preparing attack on white's kingside and
black king will castle to the queenside.Usual continuation instead of 8...h5,
is 8...Qg6.For example:} (8... Qg6 9. O-O O-O 10. Nd2 d5 11. Bh5 Qd6 12. f4
N5c6 13. e5 Qh6 14. N2b3 Bxd4 15. Bxd4 Nxd4 16. cxd4 Nf5 17. Rf2 a5 18. Be2 b6
19. Rc1 c6 20. Rc3 $14 {1-0 Azmaiparashvili,Z-Aleksandrov,A/Groningen 1997/CBM
63 (42)}) 9. Nc2 (9. Bxh5 $6 Nc4 {[%cal Gc4e3,Gc4b2]} 10. Bc1 Qe5 11. Bf3 Rxh2
12. Rxh2 Qxh2 $15) (9. Nd2 $5 {maybe the most flexible reaction}) 9... d6 $146
(9... Bxe3 10. Nxe3 d6 11. Na3 a6 12. Nac4 Nxc4 13. Bxc4 Be6 14. Qe2 Bxc4 15.
Nxc4 O-O-O 16. Qe3 Nc6 17. O-O-O Qe6 18. b3 Rde8 19. Rhe1 Kb8 $11 {time. 1-0
Trabert,B-Lematschko,T/Ptuj 1995/EXT 97 (39)}) 10. Nba3 ({After} 10. Bxc5 $6
dxc5 11. Ne3 (11. Bxh5 $2 {losing quickly in nineteenth century traditions:}
Rxh5 $1 12. Qxh5 Bg4 $1 13. Qh8+ Kd7 14. Qxa8 Nd3+ 15. Kd2 Qxf2+ 16. Kxd3 Qe2#)
11... Bd7 {black has the initiative, for instance:} 12. Nd2 (12. Bxh5 $6 O-O-O
$32 13. Be2 Bb5 14. Qc2 Bxe2 15. Qxe2 Nd3+ 16. Kf1 Qf4 $15 {[%csl Re4,Rh2]})
12... O-O-O 13. Qc2 h4 $15) 10... Bd7 11. Qd2 (11. Nb5 {is more logical,
bringing the knight into the game.} Bxb5 12. Bxb5+ c6 13. Be2 Qg6 {[%csl Re4,
Rg2]} 14. Bf3 O-O-O 15. O-O Nc4 16. Qe2 Nxe3 (16... Nxb2 $2 17. a4 $18 {
[%csl Rb2]}) 17. Nxe3 $11) 11... O-O-O 12. f4 {[%csl Ya3] Probably too
optimistic.White didn't castle yet and his pawncenter is vulnerable.} ({
After normal} 12. O-O {both kings are safe and the position is approximately
equal.}) 12... Ng4 13. Bd4 Qe6 {[%csl Re4]} 14. O-O-O ({Worse is} 14. h3 Nf6
15. e5 Ne4 16. Qe3 Bc6 {with dangerous initiative for black.}) 14... Nc6 ({
The pawn is poisonous} 14... Qxe4 $2 15. Bxg4 hxg4 16. Rde1 $18 {[%cal Re1e7]})
15. h3 Nf6 16. e5 ({After} 16. Bxf6 Qxf6 {[%csl Ya3,Gc5,Re4,Rf4] black has
clear positional advantage.}) 16... Bxa3 17. exf6 (17. Nxa3 dxe5 18. Bc4 Qf5
19. fxe5 Nxe5 20. Bb3 Nc6 {[%csl Ya3]} 21. Rdf1 Qg6 $17 {[%cal Gf6e4]}) 17...
Qxa2 18. Nxa3 Na5 {[%csl Rc1,Rd2][%cal Ga5b3]} 19. Qc2 $2 {Decisive mistake.} (
{a)} 19. fxg7 Nb3+ 20. Kc2 {a1)} Rhe8 $1 {[%csl Rc2,Yd7][%cal Rb3d2,Gd7a4,
Gd7f5]} ({a2)} 20... Ba4 $2 21. gxh8=Q Nc5+ (21... Nxd2+ 22. Kd3 Rxh8 23. Rxd2
$14) 22. Kc1 Nb3+ 23. Kc2 Nc5+ {with perpetual check}) 21. Bc4 (21. Qd3 Ba4 {
[%cal Ra4c2]} 22. Qf5+ Rd7 23. Bc4 Nxd4+ 24. Kc1 Nxf5 25. Bxa2 Bxd1 $19) 21...
d5 $1 22. Bxb3 Bf5+ 23. Qd3 Re2+ 24. Rd2 Bxd3+ 25. Kxd3 Rxd2+ 26. Kxd2 Qxb3 $19
) ({b)} 19. Bc4 $1 {was the only way to survive} Nxc4 (19... Qa1+ $2 20. Kc2
Ba4+ 21. Kd3 Bxd1 22. Rxd1 Nxc4 23. Rxa1 Nxd2 24. fxg7 Rhg8 25. Kxd2 $18) 20.
Nxc4 Qxc4 21. fxg7 Rhg8 22. Qd3 Qa4 23. Qc2 Qb5 $1 $15 {[%cal Gd7f5]} (23... c5
24. Qxa4 Bxa4 25. Bf6 Bxd1 26. Rxd1 $44 {[%csl Gf6,Gg7]}) 24. g4 hxg4 25. hxg4
Bxg4 26. Rdg1 f5 (26... Bf5 27. Rh5 Bxc2 28. Rxb5 $14) 27. c4 {and the fight
continue.}) 19... Nb3+ 20. Qxb3 Qxb3 21. fxg7 Rhg8 22. Bc4 Qa4 {-+} 23. f5 (23.
Bxf7 Rxg7 24. Bxg7 Qxf4+ $19 {[%cal Rf4c1,Rf4f7]}) 23... Bxf5 24. Bxf7 Rxg7 $1
{The most effective way to calm down white's counterplay.} 25. Bxg7 Qf4+ 26.
Rd2 Rd7 {[%cal Rd7g7]} 27. Bxh5 Rxg7 28. Bf3 Re7 {Black has material and
positional advantage.} 29. Kd1 Qa4+ 30. Kc1 Re3 31. Rf1 Kd8 32. Bd5 (32. Bxb7
Rxc3+ 33. bxc3 Qxa3+ 34. Kd1 Qb3+ $19 {[%cal Rb3d1,Rb3b7]}) 32... Bd3 33. Rh1
Qf4 34. Kd1 c6 35. Bb3 {[%tqu "En","Please enter a move for black.","","",
"e3h3","",10]} Rxh3 $1 36. Re1 (36. gxh3 Qf3+ {[%cal Rf3d1,Rf3h1]}) (36. Rxh3
Qf1#) 36... Re3 37. Rh1 d5 38. Nc2 Bxc2+ 39. Bxc2 Kc7 40. Rd4 Qg3 41. Rd2 a5
42. Kc1 b5 43. Rh3 Re1+ 44. Bd1 Qg5 45. Rf3 Kb6 46. Rff2 a4 47. Kc2 Qg6+ 48.
Kc1 Qd6 49. Rd3 a3 50. b4 d4 51. Rxd4 Qe6 52. Rc2 Qb3 53. Rdd2 Re3 0-1

[Event "Cannes NAO Masters"]
[Site "Cannes"]
[Date "2002.02.27"]
[Round "6"]
[White "Nataf, Igor Alexandre"]
[Black "Bacrot, Etienne"]
[Result "1/2-1/2"]
[WhiteElo "2546"]
[BlackElo "2649"]
[Annotator "Postny,E"]
[PlyCount "87"]
[EventDate "2002.02.22"]
[EventType "tourn"]
[EventRounds "9"]
[EventCountry "FRA"]
[EventCategory "18"]
[SourceTitle "CBM 088"]
[Source "ChessBase"]
[SourceDate "2002.03.21"]
[SourceVersion "1"]
[SourceVersionDate "2002.03.21"]
[SourceQuality "1"]

1. e4 e5 2. Nf3 Nc6 3. d4 exd4 4. Nxd4 Nf6 5. Nxc6 bxc6 6. e5 Qe7 7. Qe2 Nd5 8.
c4 Ba6 9. b3 g6 {This variation has no good reputation for black, however is
consistantly played by Bacrot. The main alternative here is 9...g5!} 10. f4
Qb4+ {This move was played for the first time in the game Gelfand-Karpov in
Linares 1992.} 11. Bd2 Qb6 {[%csl Gd4][%cal Gb6d4]} (11... Nxf4 $4 12. Qe4 $18)
12. Qe4 ({White also played} 12. Nc3 {- for instanse, see the game Hector,
J-Olsen,H /Nordic GP Final 1999/CBM 73 [Mikhalevski,V] as well as the above
mentioned game Gelfand-Karpov (CBM 28).}) ({Rare, but possible move} 12. Qf3 {
occured in the game Lautier-Bacrot in the same tournament several rounds
earlier.}) 12... f5 (12... Nb4 $6 {- see the game Pavasovic,D-Rogulj,B Drezden
zt 1998/CBM 65 [Mikhalevski,V]}) 13. Qf3 Nb4 {Bacrot improves his own play.
Against Kasparov in Sarajevo 2000 (CBM 77) he tried 13...Qd4.} 14. Kd1 (14.
Bxb4 $2 Bxb4+ 15. Nc3 Qd4 16. Rc1 Bb7 $17 {0-1 Gonczi,J-Turzo,A/HUN 1999/EXT
2000 (53)}) 14... Bb7 15. Nc3 c5 16. Nd5 ({Deserving attention} 16. Qe3) 16...
Bg7 $146 (16... Qc6 17. Bxb4 cxb4 18. Nf6+ Kf7 19. Nd5 Qc5 20. Kc2 Bg7 21. Rd1
Rhe8 22. g4 $40 {1/2-1/2 De la Paz,F-Otero,D/Havana 2001/CBM 82 ext (82)}) 17.
Bxb4 $2 {It's not particurlarly logical to exchange this B, since white's dark
squares are extremely weak.} ({More logical is} 17. Bc3 O-O 18. Be2 {White has
the edge.}) 17... cxb4 18. Kc2 Bxd5 19. cxd5 d6 {[%csl Ra1,Gg7] Exploiting the
absense of white's dark-squared B.} 20. Bc4 (20. Re1 dxe5 21. fxe5 O-O-O {
just like in the game.}) 20... O-O-O ({More precise is} 20... dxe5 21. fxe5
O-O-O (21... Bxe5 $2 22. Rae1 Qd4 23. Qe3 Qb2+ 24. Kd1 Qa1+ 25. Ke2 $18 {
[%csl Re5]})) 21. Rae1 ({Deserved a closer look the exchange sacrifice after} 
21. e6 {In a close position white could get some compensation. This option is
senseless, if immideate 20...de would have been played.}) 21... dxe5 22. fxe5
Rhe8 23. e6 ({After} 23. Qf4 {black comes with} c6 $1 {and white's pawncentre
falls apart.}) 23... Qd4 24. Qd3 Qxd3+ $2 {This decision spoiles all black's
initiative.} (24... Qb2+ {is asking for and after} 25. Kd1 {strong is} Rd6 $1 {
This move was probably overlooked or underestimated by Bacrot. Now white is in
trouble.} ({but not} 25... Qa1+ $2 26. Ke2 Rxe6+ $2 27. dxe6 Qxa2+ 28. Kf1 Rxd3
29. e7 Rd8 30. Be6+ $18) 26. Qc2 (26. Ba6+ Kd8 $17 {This square becomes
available after 25...Rd6!}) (26. Bb5 Re7 (26... Qxg2 $6 {[%csl Rd5]} 27. Bc6 $1
) 27. Bd7+ Kd8 28. Qb5 Rb6 $40) 26... Qd4+ 27. Ke2 Qg4+ 28. Kf1 Bc3 $17) 25.
Kxd3 c6 26. g4 $1 {It is important for white to open a file on the kingside.}
Bc3 (26... cxd5 27. Bb5 {is similar to the game.}) 27. Re2 Rd6 (27... cxd5 28.
Bb5 Re7 29. gxf5 gxf5 30. Rf1 Rf8 31. Bd7+ $14) 28. gxf5 gxf5 29. Kc2 cxd5 30.
Bd3 Re7 31. Bxf5 {White has a slight edge thanks to the strong passed pawn,
however the presense of the opposite colour BB on the board is the dominant
factor in this position.} Rd8 32. Rg1 Kc7 33. Rg5 Kd6 34. Rh5 Rf8 35. Kd3 a5
36. Re3 h6 37. a4 Bf6 38. Rf3 (38. Rxh6 $4 Bg5 {[%csl Re3,Rf5,Rh6]}) 38... Rc7
$1 {This temporary pawn sacrifice leads to a quick draw.} 39. Rxh6 Rc3+ 40. Ke2
Rxf3 41. Kxf3 Bg5 {[%csl Rf5,Rh6] The point of black's 38...Rc7.} 42. e7+ $1
Bxh6 43. exf8=Q+ Bxf8 44. Ke3 1/2-1/2